000 01063cam a22001934a 4500
005 20250605164009.0
008 250528s ||||||||||||||||||||||||d
035 _a15901
020 _a262062003
040 _aGR-AtMCL
_bgre
_dGR-AtMCL
_eAACR2
245 1 _aThe Computational Beauty of Nature / Computer Explorations of Fractals, Chaos, Complex Systems, and Adaptation
260 _bThe MIT Press,
_c1998
300 _a500
520 _aIn this book, Gary William Flake develops in depth the simple idea that recurrent rules can produce rich and complicated behaviors. Preface, Introduction, Computation, Number Systems and Incomputability, Fractals, Affine Transformation Fractals, The Mandelbrot Set and Julia Sets, Chaos, Controlling Chaos, Strange Attractors, Complex Systems, Cellular Automata, Natrural and Analog Computation, Adaptation, Genetics and Evaluation, Neural Networks and Learning, Epilogue, Duality and Dichotomy, Glossary, Bibliography, Index.
700 1 _aFlake William Gary
_91933
942 _cBK
999 _c1449
_d1449